Works of Sergei Rachmaninoff by Opus Number - Statistics

General Stats
  • This quiz has been taken 122 times
  • The average score is 12 of 45
Answer Stats
Date Completed Opus Number Answer % Correct
1891, revised 1917 1 Piano Concerto No. 1
91%
1901 18 Piano Concerto No. 2
88%
1909 30 Piano Concerto No. 3
85%
1926 40 Piano Concerto No. 4
79%
1910 32 Thirteen Preludes
60%
1895 13 Symphony No. 1
58%
1907 27 Symphony No. 2
58%
1903 23 Ten Preludes
58%
1936 44 Symphony No. 3
54%
1934 43 Rhapsody on a Theme of Paganini
42%
1911 33 Études-Tableaux
39%
1916 39 Études-Tableaux
39%
1894 11 Six Morceaux
35%
1908 28 Piano Sonata No. 1
30%
1913, revised 1931 36 Piano Sonata No. 2
30%
1940 45 Symphonic Dances
27%
1913 35 The Bells
26%
1901 19 Cello Sonata
24%
1896 14 Twelve Songs
22%
1902 21 Twelve Songs
22%
1893 4 Six Songs
21%
1893 8 Six Songs
21%
1916 38 Six Songs
21%
1893 7 The Rock
21%
1931 42 Variations on a Theme of Corelli
21%
1912 34 Fourteen Songs
20%
1906 26 Fifteen Songs
18%
1903 22 Variations on a Theme of Chopin
17%
1909 29 The Isle of the Dead
16%
1893 5 Suite No. 1
10%
1901 17 Suite No. 2
9%
1915 37 All-Night Vigil
8%
1892 2 Two Pieces
7%
1896 16 Six Moments Musicaux
4%
1893, revised 1906 9 Trio élégiaque No. 2
4%
1905 24 The Miserly Knight
3%
1927 41 Three Russian Songs
3%
1905 25 Francesca da Rimini
2%
1910 31 Liturgy of St. John Chrysostom
2%
1894 12 Capriccio Bohémien
1%
1892 3 Cinq Morceaux de Fantaisie
1%
1893 6 Deux Morceaux de Salon
0%
1894 10 Sept Morceaux de Salon
0%
1896 15 Six Choruses for Women's or Children's Voices
0%
1902 20 Spring Cantata
0%
No matching quizzes found
Score Distribution
Percent of People with Each Score
Percentile by Number Answered
Your Score History
You have not taken this quiz